| 000 | 01152cab a2200193 4500 | ||
|---|---|---|---|
| 001 | L130312 | ||
| 008 | 050714n2005 000 0 eng u | ||
| 035 | _a(Sirsi) u130312 | ||
| 041 | _aeng | ||
| 100 | _aSimons, Robert A. | ||
| 245 | 3 | _aAn exploratory review of the effects of toxic mold on real estate values. | |
| 260 | _c2005 | ||
| 490 |
_aThe Appraisal Journal _vSpring 2005, 156-166(11) |
||
| 520 | _aReports outcomes of ten litigated toxic mold cases: a contingent valuation (CV) in South Carolina; mold case studies of an apartment complex near Seattle; and a group of homes in Cleveland, Ohio The litigated cases had very large payouts, some larger than the property value. Postcure reductions of 20-37% in property value were revealed in the CV surveys. The apartment property contaminated with toxic mold had losses in excess of 60% and potentially as high as 100%. A mildly affected group of homes in Cleveland, Ohio, incurred unit remediation costs of 5-15%. [Taken from journal abstract.] | ||
| 590 | _aIKA190705 | ||
| 690 | _aMANAGEMENT-HEALTH AND SAFETY-HAZARDOUS SUBSTANCES-TOXIC MOULD | ||
| 700 | _aThroupe, Ron | ||
| 942 | _n0 | ||
| 999 |
_c75544 _d75544 |
||